ბათუმის შოთა რუსთაველის სახელმწიფო უნივერსიტეტის ბიბლიოთეკა

Общая топология (ბიბ.ჩანაწერი № 47951)

000 -LEADER
fixed length control field 00557nam a2200205Ia 4500
001 - CONTROL NUMBER
control field 14828
003 - CONTROL NUMBER IDENTIFIER
control field GE_BSU
008 - FIXED-LENGTH DATA ELEMENTS--GENERAL INFORMATION
fixed length control field 181216s||||||||xx |||||||||||||| ||und||
040 ## - CATALOGING SOURCE
Transcribing agency GE_BSU
080 ## - UNIVERSAL DECIMAL CLASSIFICATION NUMBER
Universal Decimal Classification number 515.12(075.8)
100 ## - MAIN ENTRY--PERSONAL NAME
Personal name Александрян,Р.А. Мирзаханян,Э.А.
245 ## - TITLE STATEMENT
Title Общая топология
260 ## - PUBLICATION, DISTRIBUTION, ETC.
Place of publication, distribution, etc. Москва
260 ## - PUBLICATION, DISTRIBUTION, ETC.
Name of publisher, distributor, etc. Высшая школа
260 ## - PUBLICATION, DISTRIBUTION, ETC.
Date of publication, distribution, etc. 1979
300 ## - PHYSICAL DESCRIPTION
Extent 335стр.22см.
300 ## - PHYSICAL DESCRIPTION
Accompanying material Указатель стр.331-332
653 ## - INDEX TERM--UNCONTROLLED
Uncontrolled term Общая топология
942 ## - ADDED ENTRY ELEMENTS (KOHA)
Koha item type წიგნი
ეგზემპლარები
Withdrawn status Lost status Damaged status Not for loan Date acquired Barcode Date last seen Price effective from Koha item type
        2018-12-17 15256 2018-12-17 2018-12-17 წიგნი